[Event "Dortmund SuperGM 35th"]
[Site "Dortmund"]
[Date "2007.06.23"]
[Round "1"]
[White "Carlsen, Magnus"]
[Black "Leko, Peter"]
[Result "1/2-1/2"]
[WhiteElo "2693"]
[BlackElo "2738"]
[Annotator "Marin,M"]
[PlyCount "57"]
[EventDate "2007.06.23"]
[EventType "tourn"]
[EventRounds "7"]
[EventCountry "GER"]
[EventCategory "20"]
[SourceTitle "CBM 119"]
[Source "ChessBase"]
[SourceDate "2007.08.01"]
[SourceVersion "1"]
[SourceVersionDate "2007.08.01"]
[SourceQuality "1"]

1. e4 e5 2. Nf3 Nc6 3. Bb5 a6 4. Ba4 Nf6 5. O-O Be7 6. Re1 b5 7. Bb3 O-O 8. d4
Nxd4 9. Nxd4 exd4 10. e5 Ne8 11. Qxd4 {Safe, but ...unambitious. See my notes
to Carlsen,M (2693)-Leko,P (2738)/Dortmund 2007/CBM 119 (1/2-1/2, 29) from
this same issue of CBM.} ({For the more consistent} 11. c3 {see Jakovenko,D 
(2708)-Karjakin,S (2686)/Foros 2007/CBM 119/[Marin] (1/2-1/2, 29)}) 11... Bb7 (
11... c5 $2 {does not win a piece as in some other lines of the Ruy Lopez
because of} 12. Qe4 $1 $16) 12. c4 (12. Qg4 {was examined in the notes to
Svidler,P (2738)-Naiditsch,A (2612)/Dortmund 2005/CBM 108/[Erenburg] (1/2-1/2,
21)}) (12. c3 {is too unpretentious and allows Black to obtain easy equality.}
d6 13. Bf4 dxe5 14. Qxe5 Bd6 15. Qg5 h6 16. Qg3 Qf6 17. Bxd6 Nxd6 18. Nd2 Rad8
$11 {Navarro,R (2400)-Peng Xiaomin (2480)/Moscow 1994/CBM 044 ext (0-1, 37)})
12... bxc4 13. Qxc4 d5 14. exd6 Nxd6 15. Qg4 {White's active queen gives him
some hopes for a minimal advantage, but this should be not too real, because
in fact he is slightly behind in development.} Nb5 {Anticipating the
development of the enemy knight to c3.} (15... Bf6 16. Nc3 Nb5 {Black should
provoke simplifications before White completes his development.} (16... Rb8 17.
Bf4 Bc6 18. Rad1 Rb4 19. Qg3 {offers White the kind of domination he hopes for,
although Black is very much in the game still.} Rd4 20. Be5 Rxd1 21. Rxd1 Re8
22. f4 Qe7 23. Nd5 Bxd5 24. Rxd5 $14 {Nijboer,F (2475)-Sokolov,I (2665)/
Netherlands 1996/CBM 054 (1/2-1/2, 31)}) (16... Re8 17. Bf4 Rb8 18. h3 Bc6 19.
Qh5 Qd7 20. Qa5 Bb5 21. Nxb5 axb5 22. Qd2 $14 {After creating a curious
triangle with her queen, White managed to obtain a stable advantage in the
shape of the pair of bishops, Arakhamia Grant,K (2446)-Hebden,M (2559)/
Scarborough 2004/CBM 101 ext (1-0, 50)}) 17. Ne4 $146 {Maybe this is the move
on which Carlsen pinned his hopes, but he will not get that chance.} (17. Nxb5
$6 axb5 18. Bf4 c5 19. Rad1 Qc8 {was just equal in Polgar,J (2575)-Nunn,J 
(2595)/Hastings 1992/CBM 033 (1/2-1/2, 33)}) 17... Bxe4 18. Qxe4 Bd4 19. Qf4 c5
20. Be3 Bxe3 21. fxe3 $5 {><d4} Qe7 22. Rac1 Rad8 23. Red1 Rfe8 24. Rd5 Rxd5
25. Bxd5 $14 {with an active position for White, whose bishop is marvellous,
Balogh,C (2617)-Jenni,F (2518)/Dresden 2007 (1/2-1/2, 56)}) 16. Nc3 Nxc3 $146 {
Simple chess.} (16... Bf6 {would transpose above, and in fact this was the
move order actually played in some of the games.}) 17. bxc3 Bd6 $11 {in the
absence of knights, Black has little to worry about.} 18. Bf4 Qf6 19. Bxd6 cxd6
20. Rad1 Rad8 21. Re3 Rfe8 22. Rde1 Rxe3 23. Rxe3 g6 24. h4 h5 25. Qb4 Rd7 26.
Rd3 Re7 27. Qd4 Re1+ 28. Kh2 Qe7 29. Re3 1/2-1/2

[Event "Biel GM"]
[Site "Biel"]
[Date "2007.07.23"]
[Round "1"]
[White "Carlsen, Magnus"]
[Black "Bu, Xiangzhi"]
[Result "1-0"]
[WhiteElo "2710"]
[BlackElo "2685"]
[Annotator "Krasenkow,M"]
[PlyCount "167"]
[EventDate "2007.07.23"]
[EventType "tourn"]
[EventRounds "9"]
[EventCountry "SUI"]
[EventCategory "18"]
[SourceTitle "CBM 120"]
[Source "ChessBase"]
[SourceDate "2007.10.02"]
[SourceVersion "1"]
[SourceVersionDate "2007.10.02"]
[SourceQuality "1"]

1. d4 d5 2. c4 c6 3. Nc3 Nf6 4. e3 g6 5. Nf3 Bg7 6. Be2 O-O 7. O-O a6 {A
useful move asking White to declare his intentions.} 8. b3 ({I myself preferred
} 8. Bd2 {against S.Conquest.}) 8... Ne4 9. Bb2 Nxc3 10. Bxc3 Bg4 11. h3 Bxf3
12. Bxf3 e6 {Very solid. Black has got rid of two pairs of "less necessary"
pieces, now he has a good bishop and no weaknesses.} 13. Qd2 $5 {An
interesting plan. White puts his bishop on a5 in order to provoke the
weakening ...b7-b6.} (13. Qc2 Nd7 14. e4 dxe4 15. Qxe4 Rc8 16. Rfd1 Nf6 17. Qe3
Re8 18. Rd3 Re7 19. Rad1 Ne8 $2 (19... Rd7 $142) 20. Bb4 Nd6 21. Qf4 Rd7 22. d5
$1 cxd5 (22... e5 23. dxc6 exf4 24. cxd7 Qxd7 25. Rxd6 $16) 23. Bxd5 $1 Nf5 24.
Bxe6 $1 Rxd3 25. Rxd3 Qxd3 26. Bxc8 $18 {1-0 Riazantsev,A-Sergienko,S/Sochi
2005/CBM 107 (31)}) 13... Re8 ({In case of} 13... a5 14. a4 {Black's a5 pawn
will require permanent attention} (14. e4 $143 dxe4 15. Bxe4 a4)) 14. Ba5 $1
Qe7 15. Rac1 Nd7 16. Qb4 {The queen exchange looks logical to make use of
White's bishop pair but Black finds a good reply.} Qxb4 17. Bxb4 a5 18. Bd2 (
18. Bd6 Bf8 $5) 18... dxc4 $5 19. bxc4 e5 20. d5 $6 (20. Bc3 $1 {was the only
way to fight for an edge.}) 20... e4 21. Be2 Red8 (21... cxd5 22. cxd5 Re5 {
was a simpler way to equality, e.g.} 23. d6 (23. Bc4 Nb6 24. d6 Rd8) 23... Rd5
24. Rfd1 Rxd6 25. Bxa5 Rxd1+ (25... Bf8 $5) 26. Rxd1 Rxa5 (26... Ne5 $5) (26...
Nf8 $5 27. Rd5 $140 b6 28. Bxb6 Rxa2) 27. Rxd7 Rxa2 28. Bc4 Ra1+ 29. Kh2 b5 30.
Bxf7+ Kf8 31. Be6 Be5+ 32. g3 Ra6 33. Bd5 Rd6 $11) 22. Rfd1 cxd5 23. cxd5 Nf6
24. Be1 Nxd5 $6 {Starting a series of inaccuracies, which eventually lead to a
lost endgame.} (24... Rxd5 25. Rxd5 Nxd5 26. Rc5 Nb4 27. Bxb4 axb4 28. Bc4 Rd8
$1 $11) 25. Rc5 Nb4 26. Rxa5 $1 $14 Nc2 27. Bd2 Rxa5 (27... Rac8 28. Rb5 Rc7
29. Ba5 Rxd1+ 30. Bxd1 Na3 31. Bxc7 Nxb5 32. Bb6 $14) 28. Bxa5 Ra8 29. Rd5 Bf8
$6 {It was absolutely crucial not to allow the white bishop to the a2-g8
diagonal.} (29... Na3 $1 30. Bb4 (30. Bd1 Nc4 31. Bb4 Bf8 $14) 30... Bf8 $14
31. Bxa3 Rxa3 32. Bc4 Rc3 33. Bb3 Kg7 $1 34. g3 (34. Rd7 Rc1+ 35. Kh2 Rc7 $1)
34... Rc7 35. Rb5 f5 $16 {with a better defense than he had in the game.}) 30.
Bd1 Nb4 31. Bxb4 Bxb4 32. Bb3 {[%csl Gb3,Re4,Rf7][%mdl 4096] Despite the
opposite-coloured bishops, Black's position is difficult because White's
bishop is much stronger and the f7 pawn is under pressure. Material losses are
inevitable.} b6 (32... Re8 33. Rb5 Bd6 34. Rxb7 {is hardly a lesser evil.}) 33.
Rd7 {White is not hurrying to take the e4 pawn. It is more important to force
the black rook to f8.} Rf8 34. g4 g5 35. Rb7 Bc5 36. Bd5 Kg7 37. Kf1 ({Again
not} 37. Bxe4 Re8 {[%cal Ye8e7]}) 37... h6 38. Ke2 Kf6 39. a4 Kg7 40. Rc7 Bb4
41. Bxe4 {It's time now!} Rd8 (41... Re8 42. Bd5 Re7 43. Rc6 Ba5 (43... Bc5 $2
44. a5) 44. e4 {[%cal Ye2b5,Yc6b6]}) 42. Bd3 Kf8 43. Rb7 Rd6 44. Bc4 Rf6 {
The rook is not much more active on f6 than on f8. White's winning plan is:
f2-f4-f5 and then preparation of the exchange sacrifice on b6.} 45. Bd5 Be7 46.
f3 Bb4 47. Kd3 Be1 48. Ke4 Bg3 49. Bc4 Be1 50. f4 gxf4 51. exf4 Bg3 52. f5 Be1
53. Bd5 Kg7 54. Kd4 h5 55. Kc4 hxg4 56. hxg4 Bf2 57. Be6 Be3 58. Kd5 Kf8 59.
Ke5 Kg7 60. Ke4 Bd2 61. Kd3 Bf4 62. Kc4 Kf8 63. Bd5 Be3 64. Kb5 Kg7 65. Be6 Kf8
66. Bc4 Bf2 67. Bd5 Kg7 68. Bc6 Kh6 69. Rxb6 $1 {Such an exchange sacrifice,
creating a passed pawn, is a typical winning method in R+B vs R+B engings,
with opposite-coloured bishops.} Kg5 70. a5 $1 Rd6 (70... Kxg4 71. Bd7 $1 Kg5 (
71... Rxb6+ 72. axb6 Bg3 73. Ka6 Kf3 74. Kb7 $1 $18) 72. Rxf6 Kxf6 73. Kc6 Ke7
74. a6 Kd8 (74... Be3 75. Kc7 $1) 75. f6 $1 Bg1 76. Bg4 Bf2 77. Kb7 Be3 78. Bh5
$18) 71. Rb7 Kxg4 72. Rxf7 Kg5 73. Rd7 {The bishop endgame is now absolutely
winning for White.} Rh6 74. Be4 Rh8 75. a6 Rb8+ 76. Kc4 Kf4 77. Re7 Rc8+ 78.
Kd3 Rd8+ 79. Ke2 Bd4 80. Bd3 Bc5 81. Re6 Rh8 82. f6 Rh2+ 83. Kd1 Rh6 84. f7 1-0

[Event "Biel GM"]
[Site "Biel"]
[Date "2007.07.31"]
[Round "7"]
[White "Carlsen, Magnus"]
[Black "Pelletier, Yannick"]
[Result "0-1"]
[WhiteElo "2710"]
[BlackElo "2591"]
[Annotator "Pelletier,Y"]
[PlyCount "96"]
[EventDate "2007.07.23"]
[EventType "tourn"]
[EventRounds "9"]
[EventCountry "SUI"]
[EventCategory "18"]
[SourceTitle "CBM 120"]
[Source "ChessBase"]
[SourceDate "2007.10.02"]
[SourceVersion "1"]
[SourceVersionDate "2007.10.02"]
[SourceQuality "1"]

1. d4 Nf6 2. c4 e6 3. Nc3 Bb4 4. Qc2 O-O 5. a3 Bxc3+ 6. Qxc3 b6 7. Bg5 Bb7 8.
e3 c5 9. dxc5 bxc5 10. Ne2 a5 11. Bxf6 $6 ({Dieser Tausch war später unter
besseren Bedingungen möglich. Nach} 11. f3 d6 12. O-O-O {sollte Schwarz} Ra6 {
ziehen. Dies war die Idee hinter meinem 10. Zug: d6 muss gedeckt werden, damit
auf Lxf6 wie in der Partie Dxf6 geschehen kann. Denselben Turmzug hätte ich
auch nach dem sofortigen 11. 0-0-0 gespielt.}) 11... Qxf6 12. Qxf6 gxf6 13.
O-O-O Rd8 14. Nc3 d6 (14... Kf8 $2 15. Na4) 15. Bd3 Kf8 {Schwarz braucht
seinen König auf e7, um die Drohung 16. Be4 Bxe4 17. Nxe4 zu entschärfen.} 16.
Bxh7 ({Dieser Zug ist die Ursache der weissen Schwierigkeiten. Carlsen dachte
lange nach und schätzte die Stellung als ausgeglichen ein. Deshalb versuchte
er dieses originelle Figurenopfer. Nach} 16. Be4 Bxe4 17. Nxe4 Ke7 $11 {und}) (
16. Rd2 Ke7 17. Rhd1 Ra6 18. f3 h6 $11 {hat Schwarz in der Tat keine Probleme.}
) 16... f5 17. e4 Kg7 18. exf5 Kxh7 19. fxe6 fxe6 20. Rhe1 {Weiss gewinnt den
e-Bauern zwangsläufig (20. ... e5? 21. Rxe5), wonach er 3 Bauern für die Figur
besitzt. Zum Glück kann Schwarz g2 erobern, sodass die weissen Bauern
ungefährlich sind.} Bxg2 21. Ne4 $2 ({Carlsen übersah einfach meinen 22. Zug!
Sonst hätte er sich wohl mit} 21. Rxe6 Nc6 22. Rdxd6 Rxd6 23. Rxd6 {zufrieden
gegeben. Schwarz kann in diesem Endspiel mittels} Rf8 (23... Rd8 24. Rxd8 Nxd8
$11) 24. Na4 Rf5 $15 {/= auf einen leichten Vorteil hoffen, aber das
natürliche Ergebnis sollte natürlich Remis sein.}) 21... Bxe4 22. Rxe4 {
(/\ 23.Rg1, 24.Rh4)} Ra7 $1 {[%cal Ga7g7]} 23. Rxe6 Rad7 {Schwarz behält
hiermit seinen Materialvorteil.} 24. Rd3 Nc6 25. Rh3+ Kg8 26. Rhh6 Ne5 27. f4 (
{Ein tückischer Versuch, die restlichen schwarzen Bauern zu eliminieren, sei
es zum Preis aller weissen Bauern.} 27. b3 Kg7 {verliert auf die Distanz.})
27... Nxc4 28. b3 Nxa3 29. Rhg6+ (29. Reg6+ Rg7 30. Rxd6 Rxd6 31. Rxd6 Nb5 $1
$19) 29... Kh8 30. Rh6+ Kg8 31. Rhg6+ Kh8 32. Rh6+ Rh7 33. Rxd6 Rxd6 34. Rxd6
Rxh2 35. Ra6 (35. Rc6 Rc2+ 36. Kd1 Rc3 $19) 35... Nb5 36. Rxa5 Nd4 {Knapp
scheitert die weisse Absicht. Der Bauer c5 ist wegen der Gabel auf b3 tabu.}
37. Kb1 (37. Ra8+ Kg7 38. Rb8 Kf6 39. b4 c4 40. Rc8 Rc2+ 41. Kd1 c3 42. b5 Rd2+
43. Ke1 Re2+ 44. Kf1 c2 $19) (37. Ra3 Kg7 38. Kb1 Kf6) 37... Nxb3 38. Rb5 c4 {
Wieder ist die schwarze Aufstellung perfekt: Rxc4 kann wegen Nd2+ nie
geschehen.} 39. f5 Kg7 40. f6+ (40. Rb6 Rf2 41. Rb7+ Kf6 42. Rb6+ Ke5 $19)
40... Kxf6 41. Rf5+ {Carlsen versucht es noch mit einem Patttrick, aber der
schwarz König entschwindet auf die 2. Reihe.} Ke6 42. Re5+ Kd6 43. Rd5+ Kc6 44.
Rd6+ Kc5 45. Rc6+ Kd5 46. Rd6+ Ke4 47. Re6+ Kd3 48. Re3+ Kd2 0-1